00562 2200217 4500001002100000005001500021035002000036007000300056008004100059020002200100082001200122084001900134100001800153245007400171250001100245260003600256300001300292990001300305990001300318990001300331INLIS00000000000792520220224013944 a0010-0222000207ta220224 g 0 ind  a978-623-228-168-4 a621.385 a621.385 HAS p0 aHasanah Putri1 aPENGUKURAN DAN PERENCANAAN SISTEM KOMUNIKASI SELULER /cHasanah Putri aCet. 1 aYogyakarta :bGraha Ilmu,c2019 a188 hlm. a022.5822 a022.5823 a022.5824